Mathematical models in cell biology and cancer chemotherapy /

Bibliographic Details
Main Author: Eisen, Martin M.
Format: Book
Language:English
Published: Berlin ; New York : Springer-Verlag, 1979.
Series:Lecture notes in biomathematics ; 30.
Subjects:

MARC

Tag First Indicator Second Indicator Subfields
LEADER 00000cam a22000008i 4500
001 in00000066897
005 20151008050807.0
008 791109s1979 wb a b 00110 eng
010 |a  79025816  
020 |a 0387097090 
020 |z 03540097090 
035 |a (OCoLC)05751202 
035 |9 AAG3407AM 
040 |a DLC  |c DLC  |d TXA  |d UtOrBLW 
049 |a TXAM  |c [980881] 
050 0 0 |a RC271.C5  |b E37 
082 0 |a 616.9/94/00184 
100 1 |a Eisen, Martin M. 
245 1 0 |a Mathematical models in cell biology and cancer chemotherapy /  |c Martin Eisen. 
263 |a 7911 
264 1 |a Berlin ;  |a New York :  |b Springer-Verlag,  |c 1979. 
300 |a ix, 431 pages :  |b illustrations ;  |c 24 cm. 
336 |a text  |b txt  |2 rdacontent 
337 |a unmediated  |b n  |2 rdamedia 
338 |a volume  |b nc  |2 rdacarrier 
490 1 |a Lecture notes in biomathematics ;  |v 30 
504 |a Includes bibliographies and index. 
650 0 |a Cancer  |x Chemotherapy  |x Mathematical models. 
650 0 |a Cancer cells  |x Mathematical models. 
650 0 |a Cytology  |x Mathematical models. 
830 0 |a Lecture notes in biomathematics ;  |v 30. 
999 |a MARS 
999 f f |s 3fae14d5-9d28-32e1-b174-c639632ad454  |i 22712c35-ab7e-39eb-8c36-50361f4337c7  |t 0 
952 f f |p ric  |a Texas A&M University  |b Rellis Campus  |c Joint Library Facility  |d Remote Storage  |t 0  |e RC271.C5 E37  |h Library of Congress classification  |i unmediated -- volume  |m A14805095227 
998 f f |a RC271.C5 E37  |t 0  |l Remote Storage